Formula 1 Drivers with the Most Race Starts - Statistics

General Stats
  • This quiz has been taken 357 times
    48 since last reset
  • The average score is 53 of 82
Answer Stats
# of Races Driver Country % Correct
261 Daniel Ricciardo Australia
100%
425 Fernando Alonso Spain
100%
349 Kimi Räikkönen Finland
100%
380 Lewis Hamilton United Kingdom
100%
299 Sebastian Vettel Germany
100%
281 Sergio Perez Mexico
100%
233 Max Verstappen Netherlands
97%
306 Michael Schumacher Germany
97%
180 Ralf Schumacher Germany
97%
246 Valtteri Bottas Finland
97%
306 Jenson Button United Kingdom
95%
106 Jos Verstappen Netherlands
95%
250 Nico Hülkenberg Germany
95%
161 Ayrton Senna Brazil
92%
105 Jochen Mass Germany
92%
171 Niki Lauda Austria
92%
199 Alain Prost France
89%
229 Carlos Sainz Jr. Spain
89%
171 Charles Leclerc Monaco
89%
269 Felipe Massa Brazil
89%
152 Lando Norris United Kingdom
89%
215 Mark Webber Australia
89%
114 Keke Rosberg Finland
86%
206 Nico Rosberg Germany
86%
177 Pierre Gasly France
86%
322 Rubens Barrichello Brazil
86%
115 Damon Hill United Kingdom
84%
180 Esteban Ocon France
84%
152 George Russell United Kingdom
84%
176 Graham Hill United Kingdom
84%
204 Nelson Piquet Brazil
84%
163 Jaques Villeneuve Canada
81%
189 Lance Stroll Canada
81%
128 Alexander Albon Thailand
78%
185 Kevin Magnussen Denmark
76%
187 Nigel Mansell United Kingdom
76%
144 Emerson Fittipaldi Brazil
73%
252 Jarno Trulli Italy
73%
161 Mika Häkkinen Finland
73%
246 David Coulthard United Kingdom
70%
229 Giancarlo Fisichella Italy
68%
116 Alan Jones Australia
65%
112 Denny Hulme New Zealand
65%
126 Jack Brabham Australia
65%
210 Gerhard Berger Austria
62%
128 Mario Andretti United States
62%
114 Jacky Ickx Belgium
59%
112 Jody Scheckter South Africa
59%
111 Heikki Kovalainen Finland
57%
256 Riccardo Patrese Italy
57%
123 Ronnie Peterson Sweden
54%
146 Carlos Reutemann Argentina
51%
145 Eddie Irvine United Kingdom
51%
176 Jaques Laffite France
51%
201 Jean Alesi France
51%
149 René Arnoux France
51%
156 Heinz-Harald Frentzen Germany
49%
179 Romain Grosjean France
49%
100 Bruce McLaren New Zealand
46%
132 Clay Regazzoni Switzerland
46%
110 Daniil Kvyat Russia
43%
111 John Surtees United Kingdom
43%
194 Michele Alboreto Italy
43%
183 Nick Heidfeld Germany
41%
163 Thierry Boutsen Belgium
41%
152 John Watson United Kingdom
38%
158 Martin Brundle United KIngdom
38%
157 Olivier Panis France
38%
111 Yuki Tsunoda Japan
38%
160 Johnny Herbert United Kingdom
35%
128 Adrian Sutil Germany
32%
208 Andrea de Cesaris Italy
32%
108 Elio de Angelis Italy
32%
109 Mika Salo Finland
30%
135 Jean-Pierre Jarier France
24%
114 Patrick Tambay France
24%
104 Pedro de la Rosa Spain
24%
104 Jo Bonnier Sweden
22%
147 Derek Warwick United Kingdom
16%
132 Eddie Cheever United States
14%
109 Phillippe Alliot France
8%
118 Pierluigi Martini Italy
5%
No matching quizzes found
Score Distribution
Percent of People with Each Score
Percentile by Number Answered
Your Score History
You have not taken this quiz since the last reset